书目信息 |
| 题名: |
今夜, 不要每况愈下
|
|
| 作者: | 富勒 著 ;豆浩亮 译 | |
| 分册: | ||
| 出版信息: | 桂林 广西师范大学出版社 2018.02 |
|
| 页数: | 361页 | |
| 开本: | 20cm | |
| 丛书名: | ||
| 单 册: | ||
| 中图分类: | I712.55 | |
| 科图分类: | ||
| 主题词: | 传记文学--zhuan ji wen xue--美国--现代 | |
| 电子资源: | ||
| ISBN: | 978-7-5598-0548-5 | |
| 000 | 01110nam0 2200265 450 | |
| 001 | 202019134867 | |
| 005 | 20191007123107.0 | |
| 010 | @a978-7-5598-0548-5@dCNY52.00 | |
| 100 | @a20191002d2018 em y0chiy50 ea | |
| 101 | 1 | @achi@ceng |
| 102 | @aCN@b450000 | |
| 105 | @aa z 000zd | |
| 106 | @ar | |
| 200 | 1 | @a今夜, 不要每况愈下@Ajin ye , bu yao mei kuang yu xia@f(美) 亚历山德拉·富勒著@d= Don't let's go to the dogs tonight an african childhood@fAlexandra Fuller@g豆浩亮译@zeng |
| 210 | @a桂林@c广西师范大学出版社@d2018.02 | |
| 215 | @a361页@c图@d20cm | |
| 314 | @a亚历山德拉·富勒, 1969年在英格兰出生。著有《下雨之前离开》等多部作品。 | |
| 330 | @a本书中富勒生动地描写了一个女孩在动荡的背景下成为女性和作家的故事, 这个故事里有欢笑也有泪水, 还有那些令人痛苦的回忆。 | |
| 500 | 10 | @aDon't let's go to the dogs tonight an african childhood@mChinese |
| 606 | 0 | @a传记文学@Azhuan ji wen xue@y美国@z现代 |
| 690 | @aI712.55@v5 | |
| 701 | 1 | @a富勒@Afu le@g(Fuller, Alexandra),@f1969-@4著 |
| 702 | 0 | @a豆浩亮@Adou hao liang@4译 |
| 801 | 0 | @aCN@c20190905 |
| 905 | @a河南城建学院图书馆@dI712.55@eF992 | |
| 今夜, 不要每况愈下/(美) 亚历山德拉·富勒著= Don't let's go to the dogs tonight an african childhood/Alexandra Fuller/豆浩亮译.-桂林:广西师范大学出版社,2018.02 |
| 361页:图;20cm |
| ISBN 978-7-5598-0548-5:CNY52.00 |
| 本书中富勒生动地描写了一个女孩在动荡的背景下成为女性和作家的故事, 这个故事里有欢笑也有泪水, 还有那些令人痛苦的回忆。 |
| ● |
| 相关链接 |
|
|
|
正题名:今夜, 不要每况愈下
索取号:I712.55/F992
 
预约/预借
| 序号 | 登录号 | 条形码 | 馆藏地/架位号 | 状态 | 备注 |
| 1 | 1443020 | 214430203 | 文学库116/116文学库 29排6列5层/ [索取号:I712.55/F992] | 在馆 | |
| 2 | 1443021 | 214430212 | 社科二线422/422社科库 29排3列3层/ [索取号:I712.55/F992] | 在馆 | |
| 3 | 1443022 | 214430221 | 文学库116/116文学库 29排6列5层/ [索取号:I712.55/F992] | 在馆 |